Neighborhoods of Philadelphia, PA Quiz - Statistics

General Stats
  • This quiz has been taken 10 times
  • The average score is 46 of 160
Answer Stats
Hint Answer % Correct
Center City Rittenhouse Square
100%
West Philadelphia University City
100%
Roxborough-Manayunk East Falls
86%
River Wards Fishtown
86%
South Philadelphia Grays Ferry
86%
Olney-Oak Lane Logan
86%
Roxborough-Manayunk Manayunk
86%
Germantown-Chestnut Hill Mount Airy
86%
Roxborough-Manayunk Roxborough
86%
South Philadelphia Southwest Center City
86%
Lower North Philadelphia Brewerytown
71%
Center City Chinatown
71%
Lower North Philadelphia Fairmount
71%
Germantown-Chestnut Hill Germantown
71%
South Philadelphia Girard Estate
71%
Lower North Philadelphia Northern Liberties
71%
Center City Old City
71%
South Philadelphia Point Breeze
71%
South Philadelphia Queen Village
71%
Lower North Philadelphia Spring Garden
71%
Lower North Philadelphia Strawberry Mansion
71%
Near Northeast Philadelphia Tacony
71%
Roxborough-Manayunk Wissahickon
71%
Center City Callowhill
57%
Germantown-Chestnut Hill Chestnut Hill
57%
Olney-Oak Lane Fern Rock
57%
Center City Fitler Square
57%
River Wards Kensington
57%
Center City Logan Square
57%
South Philadelphia Lower Moyamensing
57%
Olney-Oak Lane Olney
57%
Center City Penn's Landing
57%
South Philadelphia Pennsport
57%
River Wards Port Richmond
57%
Center City Society Hill
57%
Roxborough-Manayunk Andorra
43%
River Wards Bridesburg
43%
Far Northeast Philadelphia Bustleton
43%
South Philadelphia Devil's Pocket
43%
Olney-Oak Lane East Oak Lane
43%
Near Northeast Philadelphia Frankford
43%
Upper North Philadelphia Hunting Park
43%
South Philadelphia Italian Market
43%
Center City Museum District
43%
Olney-Oak Lane Ogontz
43%
West Philadelphia Overbrook
43%
Far Northeast Philadelphia Parkwood
43%
Far Northeast Philadelphia Pennypack
43%
Near Northeast Philadelphia Rhawnhurst
43%
Center City South Street
43%
Far Northeast Philadelphia Torresdale
43%
Center City Washington Square West
43%
South Philadelphia West Passyunk
43%
South Philadelphia Whitman
43%
Near Northeast Philadelphia Wissinoming
43%
Lower North Philadelphia Yorktown
43%
South Philadelphia Bella Vista
29%
Far Northeast Philadelphia Byberry
29%
Germantown-Chestnut Hill Cedarbrook
29%
West Philadelphia Cobbs Creek
29%
Olney-Oak Lane West Oak Lane
29%
Southwest Philadelphia Eastwick
29%
Southwest Philadelphia Elmwood Park
29%
Upper North Philadelphia Fairhill
29%
Olney-Oak Lane Feltonville
29%
Near Northeast Philadelphia Fox Chase
29%
Near Northeast Philadelphia Holmesburg
29%
Near Northeast Philadelphia Juniata
29%
Southwest Philadelphia Kingsessing
29%
Near Northeast Philadelphia Lawncrest
29%
West Philadelphia Mantua
29%
Center City Market East
29%
Far Northeast Philadelphia Millbrook
29%
Upper North Philadelphia Nicetown–Tioga
29%
West Philadelphia Overbrook Park
29%
Near Northeast Philadelphia Oxford Circle
29%
South Philadelphia Packer Park
29%
South Philadelphia Passyunk Square
29%
Lower North Philadelphia Poplar
29%
West Philadelphia Powelton Village
29%
Far Northeast Philadelphia Somerton
29%
West Philadelphia Spruce Hill
29%
West Philadelphia Wynnefield
29%
Far Northeast Philadelphia Academy Gardens
14%
Upper North Philadelphia Allegheny West
14%
Far Northeast Philadelphia Ashton-Woodenbridge
14%
Center City Avenue of the Arts
14%
West Philadelphia Carroll Park
14%
Lower North Philadelphia Cecil B. Moore
14%
South Philadelphia Christian Street Historic District
14%
South Philadelphia East Passyunk Crossing
14%
Upper North Philadelphia Franklinville
14%
Upper North Philadelphia Glenwood
14%
West Philadelphia Haddington
14%
South Philadelphia Hawthorne
14%
Olney-Oak Lane Koreatown
14%
Near Northeast Philadelphia Lawndale
14%
South Philadelphia Little Saigon
14%
Lower North Philadelphia Ludlow
14%
Near Northeast Philadelphia Mayfair
14%
West Philadelphia Mill Creek
14%
Far Northeast Philadelphia Morrell Park
14%
Germantown-Chestnut Hill Morton
14%
South Philadelphia Moyamensing
14%
River Wards Olde Richmond
14%
West Philadelphia Parkside
14%
Southwest Philadelphia Penrose
14%
Lower North Philadelphia Sharswood
14%
South Philadelphia Sports Complex
14%
Lower North Philadelphia Stanton
14%
West Philadelphia Walnut Hill
14%
South Philadelphia Wharton
14%
Germantown-Chestnut Hill Wister
14%
West Philadelphia Wynnefield Heights
14%
Southwest Philadelphia Angora
0%
Southwest Philadelphia Bartram Village
0%
West Philadelphia Belmont Village
0%
Near Northeast Philadelphia Burholme
0%
Near Northeast Philadelphia Castor Gardens
0%
West Philadelphia Cathedral Park
0%
West Philadelphia Cedar Park
0%
West Philadelphia Centennial District
0%
South Philadelphia Central South Philadelphia
0%
Southwest Philadelphia Clearview
0%
Near Northeast Philadelphia Crescentville
0%
Far Northeast Philadelphia Crestmont Farms
0%
South Philadelphia Dickinson Square West
0%
West Philadelphia Dunlap
0%
Center City Elfreth's Alley
0%
South Philadelphia Franklin Delano Roosevelt Park
0%
Center City French Quarter
0%
West Philadelphia Garden Court
0%
South Philadelphia Greenwich 4th to 9th Streets, Mifflin to Snyder
0%
River Wards Harrowgate
0%
Lower North Philadelphia Hartranft
0%
West Philadelphia Haverford North
0%
Southwest Philadelphia Hedgerow
0%
Center City Jewelers' Row
0%
Far Northeast Philadelphia Krewstown
0%
Near Northeast Philadelphia Lexington Park
0%
South Philadelphia Marconi Plaza
0%
Olney-Oak Lane Melrose Park
0%
Far Northeast Philadelphia Modena Park
0%
Southwest Philadelphia Mount Moriah
0%
Center City Naval Square
0%
Far Northeast Philadelphia Normandy
0%
Near Northeast Philadelphia Northwood
0%
West Philadelphia Overbrook Farms
0%
Southwest Philadelphia Paschall
0%
Center City Penn Center
0%
Southwest Philadelphia Philadelphia International Airport
0%
Near Northeast Philadelphia Ryers
0%
West Philadelphia Saunders Park
0%
South Philadelphia Southwark
0%
Southwest Philadelphia Southwest Schuylkill
0%
West Philadelphia Squirrel Hill
0%
Far Northeast Philadelphia Upper Holmesburg
0%
South Philadelphia Wilson Park
0%
Far Northeast Philadelphia Winchester Park
0%
West Philadelphia Woodland Terrace
0%
No matching quizzes found
Score Distribution
Percent of People with Each Score
Percentile by Number Answered
Your Score History
You have not taken this quiz